Statistics for Rock Songs #5

Click here to take the quiz!

General Stats

  • This quiz has been taken 50 times
    (40 since last reset)
  • The average score is 7 of 20

Answer Stats

Song NameNumber of Spotify Streams to nearest MillionArtist% Correct
American Idiot908Green Day
92%
Kashmir292Led Zeppelin
76%
Fade To black302Metallica
68%
Every rose has its thorn310Poison
65%
What's my Age Again?686Blink-182
57%
Civil War206Guns N roses
57%
Bark At the Moon127Ozzy Osbourne
57%
What I've Done802Linkin Park
54%
B.Y.O.B554System of a Down
49%
Youth Gone Wild101Skid Row
38%
Snuff329Slipknot
32%
Stillborn85Black Label Society
19%
Lazaretto72Jack White
19%
Gasoline67Audioslave
14%
Redneck103Lamb of God
14%
Never Fight A man With A perm38IDLES
8%
Shake Your Blood8Probot
8%
New Fang49Them Crooked Vultures
8%
Concrete8Shame
3%
Sports18Viagra Boys
3%

Score Distribution

Percentile by Number Answered

Percent of People with Each Score

Your Score History

You have not taken this quiz since the last reset